Tržní hodnota středoevropského podniku
Úvahy o východiskách a možnostiach odhadu tržnej hodnoty podniku v podmienkach strednej Európy a Česka. Nutnosť objektivizačných krokov pri aplikácii výnosových metód oceňovania podniku. Formulácia všeobecných podmienok pre dlhodobé fungovanie podniku.
Salvato in:
| Autore principale: | |
|---|---|
| Natura: | Capitolo di libro |
| Lingua: | ceco |
| Soggetti: | |
| Tags: |
Nessun Tag, puoi essere il primo ad aggiungerne!!
|
MARC
| LEADER | 00000naa$a2200000$$$4500 | ||
|---|---|---|---|
| 001 | 0055432 | ||
| 005 | 20231116103713.9 | ||
| 041 | 0 | |a cze | |
| 044 | |a CZ | ||
| 245 | 1 | 0 | |a Tržní hodnota středoevropského podniku |c Jaroslav Šantrůček |
| 520 | |a Úvahy o východiskách a možnostiach odhadu tržnej hodnoty podniku v podmienkach strednej Európy a Česka. Nutnosť objektivizačných krokov pri aplikácii výnosových metód oceňovania podniku. Formulácia všeobecných podmienok pre dlhodobé fungovanie podniku. | ||
| 610 | 2 | 0 | |a ohodnocovanie podniku |
| 610 | 2 | 0 | |a hodnota podniku |
| 610 | 2 | 0 | |a hodnota trhová |
| 610 | 2 | 0 | |a hodnota pridaná ekonomická |
| 610 | 2 | 0 | |a oceňovanie |
| 610 | 2 | 0 | |a metódy ekonomicko-matematické |
| 610 | 2 | 0 | |a stredná Európa |
| 610 | 2 | 0 | |a Česko |
| 100 | 1 | |a Šantrůček, Jaroslav | |